000 01813nam a2200289 a 4500
003 Co-PeBPM
005 20250825001113.0
008 231129s1996||||xx a||||||||||||| ||spa||
020 _a958-9232-36-1
040 _bspa
_aCo-PeBPM
_cCo-PeBPM
_eRDA
082 _a246.5 H519i
100 _aHenrí­quez, Cecilia
_eAutora
245 0 _aImperio y ocaso del Sagrado Corazón en Colombia:
_bUn estudio histórico-simbólico
250 _aPrimera
260 _c1996
264 _aEdiciones Altamir; Colombia, 1996
300 _a181 páginas;
_bIlustraciones,
_c21 cms
490 _aEnsayo
500 _aIncluye índice y bibliografía
520 _a"Decir que Colombia es el «País del Sagrado Corazón» probablemente significa muchas cosas, como sucede con todo imaginario que trabaja en lamente popular. Muchas cosas que tal vez nunca se piensan y que tienen que ver, claro con la religiosidad, con la cultura, con la idiosincracia y con la historia de este país. Pero también tienen que ver con la significación de un símbolo cristiano de amplia trayectoria en la historia de Occidente. Hacernos pensar sobre todo lo que significa la fácil aparentemente inocua expresión «País del Sagrado Corazón», a la luz de una interpretación simbólica occidental y de un estudio sociohistórico nacional, es una de las propuestas centrales de este novedoso ensayo de la profesora Cecilia Henríquez, por entero a salvo de juicios de valor y de cualquier clase de propaganda religiosa".
650 1 4 _2LEMB
_aIconografía
_zColombia
650 1 4 _2LEMB
_aSagrado Corazón de Jesús
650 1 4 _2LEMB
_aReligión y sociología
_z Colombia
650 1 4 _2LEMB
_aIglesia católica
_xAspectos sociales
650 1 4 _2LEMB
_aIglesia y estado
_zColombia
942 _2ddc
_cBK
_n0
999 _c15612
_d15612